The condition of the working-class in England in 1844 / (Record no. 2772)
[ view plain ]
| 000 -LEADER | |
|---|---|
| fixed length control field | 01223cam a22003251i 4500 |
| 001 - CONTROL NUMBER | |
| control field | 2772 |
| 003 - CONTROL NUMBER IDENTIFIER | |
| rucl marc code | BD-RjUL |
| 005 - DATE AND TIME OF LATEST TRANSACTION | |
| control field | 20211208233620.0 |
| 008 - FIXED-LENGTH DATA ELEMENTS--GENERAL INFORMATION | |
| fixed length control field | 131217s1952 enk s 00||0 eng d |
| 035 ## - SYSTEM CONTROL NUMBER | |
| System control number | (VaAlASP)ASPS100020718/soth |
| -- | (BD-RjUL)2799 |
| 040 ## - CATALOGING SOURCE | |
| Original cataloging agency | DLC |
| Transcribing agency | PPD |
| Modifying agency | OCoLC |
| -- | DLC |
| -- | BD-RjUL |
| Language of cataloging | eng |
| 041 1# - LANGUAGE CODE | |
| Language code of text/sound track or separate title | eng |
| Language code of original | ger |
| 082 0# - DEWEY DECIMAL CLASSIFICATION NUMBER | |
| Classification number | 331.8 |
| Edition number | 22 |
| Author mark and year | ENC 1952 |
| 100 1# - MAIN ENTRY--PERSONAL NAME | |
| Personal name | Engels; Friedrich |
| Dates associated with a name | 1820-1895. |
| 9 (RLIN) | 8883 |
| 245 14 - TITLE STATEMENT | |
| Title | The condition of the working-class in England in 1844 / |
| Statement of responsibility, etc. | With a preface written in 1892. Translated by Florence Kelley Wischnewtzky. |
| 260 ## - PUBLICATION, DISTRIBUTION, ETC. (IMPRINT) | |
| Place of publication, distribution, etc. | London : |
| Name of publisher, distributor, etc. | Geore Allen and Unwin Ltd. |
| Date of publication, distribution, etc. | 1952. |
| 300 ## - PHYSICAL DESCRIPTION | |
| Pagination | 298 p. ; |
| Size | 19 cm. |
| 500 ## - GENERAL NOTE | |
| General note | This edition originally published, 1892. |
| 504 ## - BIBLIOGRAPHY, ETC. NOTE | |
| Bibliography, etc | includes index |
| 506 ## - RESTRICTIONS ON ACCESS NOTE | |
| Terms governing access | Access limited to subscribers |
| 650 #0 - SUBJECT ADDED ENTRY--TOPICAL TERM | |
| Topical term or geographic name as entry element | Working class |
| Geographic subdivision | Great Britain. |
| 9 (RLIN) | 8884 |
| Topical term or geographic name as entry element | Economic conditions. |
| Geographic subdivision | Great Britain |
| 9 (RLIN) | 7574 |
| 700 ## - ADDED ENTRY--PERSONAL NAME | |
| Personal name | Wieschnewetzky,Florence Kelley |
| 710 2# - ADDED ENTRY--CORPORATE NAME | |
| Corporate name or jurisdiction name as entry element | Alexander Street Press |
| 9 (RLIN) | 8886 |
| 776 1# - ADDITIONAL PHYSICAL FORM ENTRY | |
| Qualifying information | Original |
| Record control number | (DLC) 57036944 |
| 830 #0 - SERIES ADDED ENTRY--UNIFORM TITLE | |
| Uniform title | Social theory. |
| 856 40 - ELECTRONIC LOCATION AND ACCESS | |
| Uniform Resource Identifier | <a href="http://www.columbia.edu/cgi-bin/cul/resolve?clio6961642">http://www.columbia.edu/cgi-bin/cul/resolve?clio6961642</a> |
| Public note | Click here for full text. |
| 942 ## - ADDED ENTRY ELEMENTS (KOHA) | |
| Source of classification or shelving scheme | Dewey Decimal Classification |
| Koha item type | Books |
| Lost status | Source of classification or shelving scheme | Damaged status | Not for loan | Collection code | Permanent Location | Current Location | Shelving location | Date acquired | Source of acquisition | Cost, normal purchase price | Total Checkouts | Full call number | Date last seen | Copy number | Koha item type |
|---|---|---|---|---|---|---|---|---|---|---|---|---|---|---|---|
| Dewey Decimal Classification | Not For Loan | Non-fiction | Central Library, University of Rajshahi | Central Library, University of Rajshahi | Reading Room | 11/06/1968 | Zeitlinger | 12.16 | 331.8 ENC 1952 | 17/12/2013 | C-1 | Books |